[Event "13th SRB-chW 2019"]
[Site "Beograd"]
[Date "2019.05.12"]
[Round "7.5"]
[White "Blagojevic, Tijana"]
[Black "Velikic, Adela"]
[Result "0-1"]
[WhiteElo "2174"]
[BlackElo "2323"]
[Annotator "TA"]
[PlyCount "124"]
[EventDate "2019.05.06"]
[EventCountry "SRB"]
[SourceTitle "playchess.com"]
[Source "ChessBase"]
[SourceQuality "1"]

{[%evp 9,124,12,26,18,22,5,5,11,4,0,-2,-30,0,0,0,0,0,0,22,-14,-14,-30,-9,-2,22,35,33,31,36,0,42,46,43,51,45,71,77,17,8,-2,55,55,58,49,90,90,93,97,88,79,73,20,16,-10,0,-113,0,0,0,-14,8,0,4,-34,-23,-21,-11,-18,-11,-8,-8,-86,-62,-61,-47,-141,-139,-102,-116,-131,-119,-120,-110,-208,-240,-204,-35,-145,-153,-145,-37,-58,-54,-265,-169,-142,-109,-92,-102,-101,-83,-29980,-29981,-29981,-29979,-29984,-29985,-29985,-29986,-29986,-29979,-29954,-29946,-29991,-6394,-6162,-6125]} 1. e4 c5 2. Nf3 d6 3. Bb5+ Nd7 4. O-O a6 5. Bd3 Ngf6 6. Re1 {B51: Sicilian: Moscow Variation (3 Bb5+) without 3...Bd7} (6. c3 b5 7. a4 c4 8. Be2 Bb7 9. axb5 axb5 10. Rxa8 Bxa8 11. Na3 Bxe4 12. Nxb5 d5 {½-½ (65) Harikrishna,P (2723)-Giri,A (2797) Shenzhen 2019}) 6... e6 7. a4 b6 8. c3 {The position is equal.} Bb7 9. Bc2 c4 10. Nd4 $146 ({Predecessor:} 10. Na3 Qc7 11. d4 cxd3 12. Qxd3 Nc5 {½-½ (20) Xu,Y (2444)-Sarana,A (2468) Moscow 2017}) 10... Qc7 11. d3 cxd3 12. Qxd3 Be7 13. Qg3 h5 14. Bg5 h4 15. Qh3 ({Don't go for} 15. Bxh4 $2 Nh5 $19) 15... Rh5 16. f4 Nc5 {[%cal Rc5e4]} 17. Nd2 $36 {[%mdl 2048] White has good play.} e5 $1 {[%cal Re5d4]} 18. Nf5 Ne6 $1 {[%csl LRf4,LRg5][%mdl 64] Double Attack} 19. Qf3 (19. Bxh4 $2 Nxf4 20. Qg3 (20. Nxg7+ $2 Kf8 $19) 20... Rxf5 $1 $17 {[%mdl 512]}) (19. Rf1 {with more complications.} Bf8 20. Kh1 Nxg5 21. fxg5 Rxg5 22. Qxh4 Rg6 23. Ne3) 19... g6 (19... Nxg5 {feels hotter.} 20. Nxg7+ Kf8 21. fxg5 Rxg5 22. Nf5 d5) 20. Nxe7 Qxe7 21. fxe5 Nxg5 22. Qxf6 Qxe5 23. Qxe5+ (23. Qf2 $16) 23... dxe5 $11 24. Nc4 {[%mdl 64] Double Attack} O-O-O (24... h3 $1 $11) 25. Rad1 $14 Rxd1 26. Bxd1 (26. Rxd1 {seems wilder.} Kc7 27. Rf1 Rh7 28. Nxe5 Bxe4 29. Bxe4 Nxe4 30. Nxf7 Nc5 31. a5) 26... Rh7 27. Nxb6+ Kc7 28. Nd5+ Bxd5 29. exd5 $16 {[%mdl 4096] Endgame KRB-KRN} Kd6 30. Be2 (30. a5 $1 $16) 30... a5 $1 $11 31. Bb5 f5 32. Bc6 {[#]} (32. b4 $11 {remains equal.}) 32... Ne4 (32... h3 $1 $17) 33. Rc1 Kc5 34. Kf1 Kc4 35. b4 {[%mdl 64] Decoy} axb4 36. cxb4+ Kxb4 37. Rb1+ Kc4 38. Rb8 Ra7 39. Rg8 g5 40. Rd8 (40. Rg6 $1 $11 Kc5 41. Re6) 40... Kc5 $17 41. Re8 Kd4 42. Rg8 (42. Re6 $15 Nc5 43. Rf6) 42... Ra5 {And now ...Rc5 would win.} 43. Rb8 Rc5 {White must now prevent ...Rc1+.} 44. Rb4+ Kd3 {[%cal Rc5c1]} 45. Rb3+ Kc2 46. Rb8 (46. Rb6 $17) 46... Rc3 $19 47. Ke2 {[#]} Ra3 $2 (47... h3 $1 $19 {[%cal Rh3g2]} 48. gxh3 f4) 48. Bd7 (48. d6 $1 $15 Nxd6 49. Rd8) 48... Nc3+ $17 49. Kf2 Nd1+ (49... f4 $17 {Strongly threatening ...Kd3.} 50. d6 Ne4+ {[%mdl 64] Double Attack} 51. Ke2 Nxd6) 50. Kg1 $1 $15 {aiming for d6.} Ne3 {...g4 is the strong threat.} 51. h3 $2 (51. d6 $1 $15 Rd3 52. Rb6) 51... e4 52. d6 {Threatens to win with Bxf5!} Ra1+ 53. Kf2 Nd1+ 54. Ke2 Nc3+ 55. Kf2 $2 {[%mdl 8192]} (55. Ke3 $17 Rd1 56. Bxf5 Rd3+ 57. Kf2 Rxd6 58. Bg4) 55... Kd2 56. Rb2+ Kd3 57. Bb5+ Nxb5 58. Rb3+ Nc3 59. g4 Ra2+ 60. Kg1 Kc4 61. Rb8 Rd2 (61... Ne2+ $142 62. Kf1 Ng3+ 63. Ke1 e3 64. Rc8+ Kd4 65. Kd1 e2+ 66. Ke1 Ra1+ 67. Rc1 Rxc1+ 68. Kf2 e1=Q+ 69. Kg2 Qe2#) 62. Rc8+ Kb4 {Accuracy: White = 40%, Black = 54%.} 0-1

[Event "13th SRB-chW 2019"]
[Site "Beograd"]
[Date "2019.05.13"]
[Round "8.1"]
[White "Benderac, Ana"]
[Black "Velikic, Adela"]
[Result "1-0"]
[WhiteElo "2214"]
[BlackElo "2323"]
[Annotator "TA"]
[PlyCount "73"]
[EventDate "2019.05.06"]
[EventCountry "SRB"]
[SourceTitle "playchess.com"]
[Source "ChessBase"]
[SourceQuality "1"]

{[%evp 10,73,38,7,8,5,6,3,3,7,0,-18,0,-23,-24,-32,-17,-21,-9,-25,-21,-8,-22,-37,-33,-43,-34,-63,-50,-62,-18,-9,-14,-16,-6,-22,-18,-25,-26,-45,0,0,7,7,5,0,0,-40,0,0,93,29,119,120,392,388,448,384,542,536,1748,1714,2014,1624,29977,29978]} 1. d4 e6 2. Nf3 f5 3. Bf4 Nf6 4. e3 b6 5. c4 Bb7 6. Nc3 Bb4 {A40: Unusual replies to 1 d4} 7. Bd3 (7. Qb3 a5 8. a3 Bxc3+ 9. Qxc3 d6 10. Be2 Ne4 11. Qc2 Nd7 12. O-O-O Nxf2 13. Ng5 Qf6 14. Bh5+ g6 15. Qxf2 gxh5 16. Qh4 Qg6 17. d5 exd5 18. cxd5 Nf6 19. Ne6 Kd7 20. Bg5 Nxd5 21. Nf4 {0-1 (21) Alekseenko,K (2625)-Bai,J (2579) Qinhuangdao 2018}) 7... O-O 8. O-O Bxc3 {The position is equal.} 9. bxc3 d6 10. Bg5 $146 ({Predecessor:} 10. Nd2 Nbd7 11. Bg3 Qe8 12. f3 {0-1 (28) Suleymanli,A (2210)-Haria,R (2424) Batumi 2018}) 10... h6 11. Bxf6 Qxf6 12. Nd2 e5 13. f4 Qg6 {[%csl Gb7][%cal Rg6g2]} 14. Rf2 Nd7 15. fxe5 dxe5 16. Qf1 {[%cal Rd3f5]} e4 17. Be2 Rf6 18. Nb3 Qg5 19. Rf4 Nf8 {And now ...Ng6 would win.} 20. h4 $1 {[%cal Rh4g5]} Qg6 21. c5 Kh8 22. Bc4 Nd7 23. cxb6 axb6 24. a4 Nf8 25. a5 $36 {[%mdl 2048] White has some pressure.} Bc8 26. axb6 Rxa1 27. Nxa1 Rxb6 28. Nb3 Kh7 29. Nc5 Rb2 {[#]} (29... Qg3 $11 {remains equal.} 30. h5 Ne6 31. Nxe6 Bxe6 32. Bxe6 Qxe3+ 33. Qf2 Qc1+ 34. Qf1 Qe3+ 35. Qf2 Qc1+ 36. Kh2 Rxe6) 30. Rf2 (30. Nxe4 $1 $16 {[%mdl 512]} Bb7 (30... fxe4 31. h5) 31. Rf2 Rxf2 32. Nxf2) 30... Rb8 (30... Rxf2 $11 31. Qxf2 (31. Kxf2 Ne6 $11) 31... Ne6) 31. Nxe4 $16 Bb7 $2 {[%mdl 8192]} (31... Qe8 $16) 32. Nc5 $18 Bc8 33. Bd3 {[%cal Rf2f5]} Qg3 (33... Qf6 {is a better defense.} 34. Bxf5+ Bxf5) 34. e4 Ng6 35. exf5 Nxh4 36. f6+ g6 37. Qe2 {Accuracy: White = 57%, Black = 32%.} 1-0

[Event "13th SRB-chW 2019"]
[Site "Beograd"]
[Date "2019.05.13"]
[Round "8.2"]
[White "Bojicic, Andjela"]
[Black "Blagojevic, Tijana"]
[Result "1/2-1/2"]
[WhiteElo "2105"]
[BlackElo "2174"]
[Annotator "TA"]
[PlyCount "198"]
[EventDate "2019.05.06"]
[EventCountry "SRB"]
[SourceTitle "playchess.com"]
[Source "ChessBase"]
[SourceQuality "1"]

{[%evp 11,198,6,11,11,11,9,24,9,17,0,0,5,5,8,7,6,22,10,10,11,26,12,20,8,30,0,1,0,7,0,19,25,22,26,23,0,0,-33,0,0,0,-31,0,0,62,51,73,75,79,18,18,16,21,0,0,0,0,0,0,-8,0,0,0,-35,-51,-103,-56,-84,-71,-85,-76,-88,-69,-69,-79,-64,-35,-176,-175,-200,-166,-218,-170,-199,-99,-100,-104,-236,-210,-238,-239,-243,-259,-274,-266,-257,-253,-354,-132,-235,-139,-139,-139,-139,-139,-139,-139,-139,-139,-139,-139,-139,-139,-852,-139,-418,-139,-805,-139,-139,-139,-139,-139,-139,0,-139,-139,-139,-139,-139,-139,-441,-139,-139,-147,-797,-770,-729,-691,-649,-618,-534,0,-479,0,-499,0,-304,-147,-147,-147,-152,-104,-104,-104,-152,-137,-137,-137,-137,-137,-137,-137,-137,-137,-137,-137,-137,0,-137,-4,-4,-4,-16,-16,-16,-16,-16,-16,-127,-16,-127,0,0,0,-126,0,0,0]} 1. d4 d5 2. c4 c6 3. cxd5 cxd5 4. Nc3 Nf6 5. Bf4 Nc6 6. e3 Bg4 7. Qb3 {D10: Slav Defence: 3 cxd5 (without early Nf3) and 3 Nc3} Na5 $1 {[%cal Ra5b3]} 8. Qa4+ Bd7 9. Qc2 {With the idea Nb5.White has an edge.} e6 10. h3 (10. Bd3 Be7 11. Nf3 Rc8 12. O-O Nc6 13. Qe2 Nh5 14. Be5 O-O 15. h3 f5 {1-0 (38) Korobov,A (2694)-Rodshtein,M (2674) Czech Republic 2018}) 10... Rc8 11. Bd3 Be7 12. Nf3 b5 13. a3 a6 14. O-O O-O 15. Qe2 Qb6 $146 ({Predecessor:} 15... Nc4) 16. Ne5 Bc6 17. Bg5 Rc7 18. Qc2 h6 19. Bf4 Rcc8 20. Qe2 Nc4 21. Rfc1 Bb7 22. a4 b4 23. Nd1 {[%cal Rd3c4]} Na5 24. Bc2 Rfd8 25. Qf3 Nc4 26. Ng4 Nd2 27. Qe2 Nde4 (27... Nc4 $11) 28. Nxf6+ Bxf6 29. a5 Qa7 30. Bxe4 (30. Qe1 $16) 30... dxe4 $11 31. Bc7 Rd5 32. Bb6 Qb8 $36 {[%mdl 2048] Black has some pressure.} 33. Qd2 Be7 34. Rxc8+ Bxc8 35. Qc2 f5 36. Rc1 (36. b3 {looks sharper.} Bd7 37. Nb2 e5 38. Nc4 exd4 39. Bxd4 Be6 40. Rc1) 36... Bd7 37. Qc7 Qxc7 38. Bxc7 (38. Rxc7 $15 Bh4 39. f3) 38... Ba4 39. f4 Kf7 40. Nf2 Ke8 41. Bb6 Rd6 42. Rc8+ Kf7 43. Rc7 Rc6 (43... Rd7 {keeps more tension.} 44. Rc8 g5 45. g3 Rd5 46. Rc7 Kf6) 44. g3 (44. Ra7 $1 $15 Rc1+ 45. Kh2) 44... Rxc7 $19 45. Bxc7 {[%mdl 4096] Endgame KBB-KBN} Ke8 46. Kf1 (46. Bb6 $142) 46... Kd7 47. Bb6 Bd8 (47... b3 $19 48. Nd1 Bb5+ 49. Kf2 Bb4) 48. Bxd8 $17 Kxd8 {KB-KN} 49. Ke2 (49. g4 $17) 49... Kc7 $19 50. Kd2 Kc6 51. g4 g6 52. Nh1 Kb5 53. Ng3 Kxa5 54. h4 {intending d5.} Be8 $2 (54... fxg4 $19 {is more deadly. Strongly threatening ...Bc6.} 55. Nxe4 Bb5) 55. gxf5 (55. d5 $17) 55... gxf5 (55... exf5 $19 56. Kc2 Ka4) 56. d5 $17 Bf7 ({Don't play} 56... exd5 $6 57. Nxf5 Kb6 58. Nxh6 $11) 57. dxe6 Bxe6 58. Ne2 Kb6 59. Nd4 Bd7 60. b3 Kc5 61. Kc2 Kd6 62. Ne2 $2 {[%mdl 8192]} (62. Kb2 $17) 62... Ke7 $2 (62... a5 $1 $19 {[%cal Ra5a4]} 63. Kb2 a4 64. bxa4 Bxa4) 63. Ng3 $2 {[%mdl 8192]} (63. Nd4 $17 {keeps fighting.}) 63... Kf6 $2 (63... a5 $1 $19 64. Kb2 Kd6) 64. Nh5+ $2 {[%mdl 8192]} (64. Ne2 $17) 64... Kg6 $2 (64... Ke6 $19 {has better winning chances.} 65. Ng3 a5) 65. Ng3 Bb5 66. Kb2 Kf6 67. Nh5+ Kg6 68. Ng3 a5 69. Kc1 Be8 70. Kb2 Kf6 71. Ne2 $2 {[%mdl 8192]} (71. Kc2 $17 {is more resistant.}) 71... Bd7 $2 (71... Bh5 $1 $19 {[%cal Rh5e2]} 72. Ng3 Bd1) 72. Ng3 Ke7 73. Nh5 $2 {[%mdl 8192]} (73. Ne2 $17) 73... Kd6 $19 74. Nf6 Be6 75. Ne8+ Ke7 76. Ng7 Bd7 77. Nh5 $1 Kd6 78. Nf6 $1 Ke7 79. Nh5 $1 Be8 (79... Ke6 $1 $19 {[%cal Re6d5] and Black stays clearly on top.} 80. Kc1 Kd6) 80. Ng3 $17 Bg6 81. Ne2 Kd6 82. Nd4 Bh7 83. Ne2 Bg8 84. Ng3 Be6 85. Ne2 Kc5 86. Nd4 Bd7 87. Kc1 Kd6 88. Kb2 Ke7 89. Ne2 Kf6 90. Ng3 $1 a4 (90... Bc6 $17 91. Ne2 Be8) 91. bxa4 $11 Bxa4 92. Nh5+ Kg6 93. Ng3 Bd1 94. Ka2 Kf6 95. Kb2 (95. h5 $11 {keeps the balance.}) 95... Ke6 $17 96. Ka2 {[#]} (96. h5 $11) 96... Ba4 ({Better is} 96... Kd5 $1 $17 {[%cal Rd5c4] Threatens to win with ...Kc4.} 97. Nxf5 Kc4) 97. Kb2 $11 Bd1 (97... b3 $11) 98. Ka2 $17 {[#]} Ba4 ({Black should play} 98... Kd5 $1 $17 {...Bg4 is the strong threat.} 99. Nxf5 Kc4) 99. Kb2 $11 Bd1 {Accuracy: White = 41%, Black = 48%.} 1/2-1/2

[Event "13th SRB-chW 2019"]
[Site "Beograd"]
[Date "2019.05.13"]
[Round "8.3"]
[White "Eric, Jovana"]
[Black "Gajcin, Marina"]
[Result "1-0"]
[WhiteElo "2221"]
[BlackElo "2299"]
[Annotator "TA"]
[PlyCount "128"]
[EventDate "2019.05.06"]
[EventCountry "SRB"]
[SourceTitle "playchess.com"]
[Source "ChessBase"]
[SourceQuality "1"]

{[%evp 24,128,23,0,39,35,36,39,40,24,52,50,56,50,77,82,85,71,155,164,130,135,158,160,316,337,335,337,316,320,334,312,349,269,247,273,269,252,274,274,272,263,290,260,333,222,216,199,208,165,376,373,370,369,353,351,311,-197,-197,-197,-197,-197,-197,-150,-150,-155,-90,-46,-63,-66,0,-5,0,0,13,0,688,1235,1350,1338,1243,1056,724,718,1187,1601,1568,1566,1566,1559,1477,1472,1460,120,184,179,662,352,29976,29976,29980,29981,29981,29982,29982,29982,29988]} 1. e4 c5 2. Nf3 g6 3. d4 cxd4 4. Nxd4 Nc6 5. c4 d6 6. Nc3 Nxd4 7. Qxd4 Nf6 8. Be3 Bg7 9. Be2 Be6 10. O-O O-O 11. Qd2 Qa5 12. f3 Rfc8 13. b3 Ng4 {B36: Sicilian: Maroczy Bind: Gurgenidze System} (13... a6 14. Rab1 b5 15. b4 Qc7 16. c5 dxc5 17. bxc5 Qa5 18. Rfc1 Nd7 19. Bd4 Bxd4+ 20. Qxd4 Rxc5 21. Nd5 Bxd5 22. Rxc5 Nxc5 23. Qxd5 {0-1 (42) Liang,A (2589)-Guseinov,G (2664) chess.com INT 2019}) 14. Bd4 Bxd4+ 15. Qxd4 Nf6 {White is slightly better.} 16. Kh1 a6 $146 ({Predecessor:} 16... Qc5 17. Qd3 a6 18. Rac1 Nd7 19. f4 f6 20. Nd5 Bxd5 21. exd5 {1-0 (39) Anisimov,P (2354)-Dashevsky,S (2354) Tomsk 2001}) 17. f4 Qc5 18. Qd2 b5 {[%cal Rb5c4]} 19. f5 $1 Bd7 20. fxg6 fxg6 {[#]} (20... hxg6 $142 21. Nd5 Nxd5 22. exd5 e5) 21. e5 $1 $36 {[%cal Re5f6][%mdl 2560] White is really pushing.} dxe5 {[#]} (21... Qxe5 22. Rae1) 22. Rxf6 $1 {[%mdl 576] Remove Defender} exf6 23. Qxd7 Ra7 $2 (23... Kh8 $16 24. Ne4 Qd4 25. Qxd4 exd4) 24. Qe6+ $18 Kg7 25. Ne4 Qf8 26. Rf1 {[%cal Re4f6]} (26. cxb5 $6 axb5 27. Nxf6 (27. Bxb5 Re7 $16) 27... h6 $18) 26... Re8 27. Qb6 (27. Qxf6+ Qxf6 28. Rxf6 Rd8 $16) 27... Qe7 28. cxb5 ({Don't do} 28. Nxf6 Rf8 $18) 28... axb5 29. Bxb5 Rd8 30. a4 ({But not} 30. Nxf6 $6 Rxa2 31. Ne4 Rda8 $18) 30... f5 31. Nc5 {[%cal Be4c5,Bc5e6,Be6f4][%mdl 32]} Rd6 32. Qb8 e4 33. Bc4 e3 34. Ne6+ Kh6 35. Nf4 Rad7 {White should prevent ...Rd1.} 36. h3 Rd1 $2 (36... Rd2) 37. Rxd1 Rxd1+ 38. Kh2 Rd8 39. Qb6 Rd2 {( -> ...Qe5!)} 40. Be6 $4 {[%mdl 8192]} (40. Be2 $1 $18 {is the narrow road to win.}) 40... e2 $19 41. Qe3 Qd6 42. Qg3 e1=Q {[%mdl 64] Deflection} 43. Qxe1 {Threatening Qh4+.} Qxf4+ {[%mdl 4096] Endgame KQR-KQB} 44. Qg3 Qe4 (44... g5 $142 45. Qxf4 gxf4) 45. h4 $17 {Qg5+ is the strong threat.} Kg7 {aiming for ...Rd3.} 46. Bxf5 $1 Qd5 (46... Qd4 $1 $15) 47. Bg4 Rd3 48. Qc7+ Kh6 49. Qe7 {[%cal Re7f8]} Qa8 $2 {[%mdl 8192]} (49... Qd4 $11 50. Qf8+ Qg7 51. Qf4+ g5) 50. Qg5+ $18 Kg7 51. Qe5+ Kh6 52. Qf4+ Kg7 53. h5 Qc6 54. h6+ Kg8 55. Be2 ({Worse is} 55. Qb8+ Kf7 $11) 55... Qd6 56. Qxd6 Rxd6 {[#] KR-KB} 57. a5 $1 {[%cal Ba4a5,Ba5a6,Ba6a7][%mdl 32]} Rd2 {[#]} 58. Bc4+ $2 (58. Bb5 $1 $18 {and the rest is easy. Strongly threatening a6.} Rc2 59. a6) 58... Kf8 $16 59. a6 Ke7 $2 (59... Rb2 60. Kg3 Ke7) 60. b4 {[%cal Bb3b4,Bb4b5,Bb5b6][%mdl 32]} Rd7 $2 (60... Rd8 $18 61. Kg3 Kd6) 61. b5 {White mates.} Kd6 62. b6 Rd8 63. a7 Kc6 {[#]} 64. Bd5+ $1 {[%mdl 576] Promotion} Kxd5 {Accuracy: White = 72%, Black = 32%.} 1-0

[Event "13th SRB-chW 2019"]
[Site "Beograd"]
[Date "2019.05.13"]
[Round "8.4"]
[White "Chelushkina, Irina"]
[Black "Drljevic, Ljilja"]
[Result "1-0"]
[WhiteElo "2272"]
[BlackElo "2155"]
[Annotator "TA"]
[PlyCount "145"]
[EventDate "2019.05.06"]
[EventCountry "SRB"]
[SourceTitle "playchess.com"]
[Source "ChessBase"]
[SourceQuality "1"]

{[%evp 9,145,11,14,6,9,0,4,-17,0,-16,-16,-31,-15,-22,-24,-20,0,0,0,0,14,12,0,13,0,0,0,0,16,8,37,25,28,17,29,0,0,0,0,-6,-4,-10,37,19,62,28,43,18,28,0,24,24,44,-30,-29,-27,-22,-19,-8,-26,-15,-79,0,0,0,0,123,123,123,123,137,130,176,130,169,137,195,195,206,184,328,308,422,410,389,394,422,422,454,377,480,381,365,333,324,338,304,328,327,312,314,311,278,291,297,297,784,764,787,787,787,762,759,742,879,878,974,970,1002,902,902,568,518,355,779,767,708,706,29978,29977,29981,29982,29980,29979,29986,29986,29987,29988]} 1. g3 g6 2. Bg2 Bg7 3. d4 d6 4. Nc3 Nf6 5. e4 O-O 6. h3 {B07: Pirc Defence: Miscellaneous Systems} (6. Nge2 e5 7. O-O Nc6 8. dxe5 dxe5 9. b3 a5 10. Bb2 b6 11. Nd5 Bb7 12. Re1 Re8 13. Qd2 Nb4 14. Rad1 c6 15. Ne3 Qxd2 16. Rxd2 Bh6 {1-0 (54) Vachier Lagrave,M (2796)-Ivanchuk,V (2738) Leuven 2017}) 6... e5 {White must now prevent ...exd4.} 7. dxe5 dxe5 8. Be3 {The position is equal.} Nc6 {[%cal Bb8c6,Bc6d4,Bd4e2][%mdl 32]} 9. Bc5 $146 ({Predecessor:} 9. Nge2 Be6 10. O-O Qe7 11. Qc1 Rfd8 12. Bg5 Rd7 13. Qe3 Nb4 14. Qc1 Rad8 15. a3 Nc6 16. Qe3 Nd4 17. Rac1 Bc4 18. Rfe1 {1-0 (30) Hasanova,E (2025)-Shlosberg,E Volgograd 1996}) 9... Re8 10. Qxd8 Rxd8 11. Nf3 b6 12. Be3 Ba6 13. Nd2 Nd4 14. O-O-O Ne2+ (14... c6 {feels hotter.} 15. Nf3 Ne8 16. h4 h6 17. Kb1 Nc7) 15. Nxe2 Bxe2 16. Rde1 Bb5 17. Nb1 Bc6 18. Nc3 Rd7 19. g4 h6 20. Rd1 Rad8 21. Rxd7 Rxd7 22. a3 Ne8 23. Rg1 Nd6 24. b3 Kh7 25. a4 Nb7 26. Bf1 Nd8 27. Bc4 Ne6 28. Bxe6 (28. h4 {with more complications.} Bf8 29. Kb2 Bb4 30. f3 Bb7 31. Ne2) 28... fxe6 29. Kb2 Bf8 30. f3 Rf7 31. Rf1 (31. Rg3 $1 $14) 31... Bb7 32. h4 Be7 33. g5 h5 34. Rf2 Bb4 35. Rf1 {[#]} (35. f4 $11 {remains equal.}) 35... Kg7 ({Black should play} 35... Ba6 $1 $17 {[%cal Ra6f1]} 36. Rd1 Rxf3 37. Rd7+ Kg8 38. Rd8+ Rf8 39. Rxf8+ Kxf8) 36. Na2 $11 Bd6 (36... Be7 {seems wilder.} 37. Rf2 Bc5 38. Bxc5 bxc5 39. Nc1 c4) 37. Rf2 Kf8 (37... Bc5 $1 $11 38. Bxc5 bxc5) 38. Nc1 $16 Ke7 39. Nd3 a5 40. c4 Ba6 41. Kc2 Bb7 42. Kd2 Bb4+ (42... Ke8 $16 43. Ke2 c5) 43. Ke2 $18 Bc3 44. Rf1 c5 (44... Bb4 $142 45. Nxe5 {[%mdl 64] Double Attack} Rg7) 45. Bf2 Rf8 46. Rc1 Bd4 47. Bg3 Bc6 48. Bxe5 Be8 49. Rd1 Kd7 50. Nc1 Ke7 51. Bxd4 cxd4 52. Rxd4 {[%mdl 4096] Endgame KRB-KRN} Rf4 53. Kf2 Rxh4 54. Kg2 Rf4 55. Nd3 Rf7 {[#]} 56. Ne5 $1 {[%cal Re5g6]} Rh7 57. Kh3 Kf8 $2 (57... Rg7 58. f4 Rg8) 58. Rd6 {[%mdl 64] Double Attack} Rc7 59. Rxb6 Ke7 60. f4 Rc8 61. Rb7+ Kd6 62. Kh4 Kc5 63. Rg7 Kd4 64. Nxg6 Kxe4 65. f5 exf5 66. Re7+ Kf3 $2 (66... Kd3) 67. Ne5+ Kg2 68. g6 Bc6 69. Nxc6 {White mates.} Rxc6 70. Kxh5 f4 71. Rf7 f3 72. g7 Rc5+ 73. Kh4 {Accuracy: White = 59%, Black = 29%.} 1-0

[Event "13th SRB-chW 2019"]
[Site "Beograd"]
[Date "2019.05.13"]
[Round "8.5"]
[White "Injac, Teodora"]
[Black "Nestorovic, Katarina"]
[Result "1-0"]
[WhiteElo "2270"]
[BlackElo "2132"]
[Annotator "ChessBase"]
[PlyCount "117"]
[EventDate "2019.05.06"]
[EventCountry "SRB"]
[SourceTitle "playchess.com"]
[Source "ChessBase"]
[SourceQuality "1"]

1. Nf3 Nf6 2. c4 e6 3. Nc3 b6 4. a3 Bb7 5. d4 d5 6. Bg5 Be7 7. Qa4+ c6 8. Bxf6 Bxf6 9. cxd5 exd5 10. g3 O-O 11. Bg2 Qd7 12. O-O c5 13. Qxd7 Nxd7 14. Rfd1 Rfe8 15. e3 Bc6 16. Rac1 Rad8 17. b4 cxb4 18. axb4 b5 19. Ra1 Ra8 20. Ne1 Nb6 21. Nd3 Be7 22. Nc5 Rec8 23. Ra6 Bd6 24. Rda1 Rc7 25. Bf1 Nc4 26. Bg2 Nb6 27. R6a5 Nc4 28. Nxb5 Nxa5 29. Nxc7 Bxc7 30. bxa5 g6 31. Rc1 Bd6 32. Nd3 Bb7 33. Nf4 Rb8 34. Rb1 Bc7 35. Nxd5 Bxd5 36. Rxb8+ Bxb8 37. Bxd5 a6 38. Bc4 Bc7 39. Bxa6 Bxa5 40. Kg2 f6 41. Kf3 Kf7 42. Ke4 Ke7 43. Kd5 Be1 44. f3 h5 45. e4 h4 46. gxh4 Bxh4 47. f4 g5 48. fxg5 Bxg5 49. Bc8 Bh4 50. Bf5 Be1 51. Kc6 Bc3 52. d5 Be5 53. h4 Bg3 54. h5 Bf4 55. d6+ Kd8 56. Kd5 Bh6 57. Ke6 Bf4 58. d7 Bg5 59. Kf7 1-0

[Event "13th SRB-chW 2019"]
[Site "Beograd"]
[Date "2019.05.14"]
[Round "9.1"]
[White "Nestorovic, Katarina"]
[Black "Benderac, Ana"]
[Result "0-1"]
[WhiteElo "2132"]
[BlackElo "2214"]
[Annotator "TA"]
[PlyCount "32"]
[EventDate "2019.05.06"]
[EventCountry "SRB"]
[SourceTitle "playchess.com"]
[Source "ChessBase"]
[SourceQuality "1"]

{[%evp 9,32,49,43,-20,-7,-54,-58,-114,-115,-91,0,-73,-23,-382,-364,-457,-462,-545,-387,-496,-375,-424,-427,-423,-279]} 1. e4 d6 2. d4 c6 3. Nc3 Nd7 4. Bg5 Qb6 5. a3 Ngf6 6. f4 {B12: Caro-Kann: Advance Variation} (6. Be3 $14) 6... h6 $146 ({Predecessor:} 6... e5 7. Nf3 Ng4 8. Qd2 Qxb2 9. Rb1 Qxa3 10. dxe5 dxe5 11. h3 Ngf6 12. fxe5 Nh5 {½-½ (23) Dudas,J (2405)-Gishi,T Budapest 1998}) 7. Bh4 (7. Bxf6 $5 Nxf6 8. e5 $11) 7... e5 $1 {[%cal Re5d4]} 8. fxe5 (8. Nf3 $15) 8... dxe5 $17 9. Nf3 Ng4 ({Black should try} 9... exd4 $17 10. Nxd4 Bd6) 10. Bg3 (10. Na4 $11 {keeps the balance.} Qa5+ 11. Nc3) 10... exd4 11. Nxd4 $2 {[%mdl 8192]} (11. Qxd4 $11 {and White has nothing to worry.} Ndf6 12. Qxb6 axb6 13. h3) 11... Ne3 $19 12. Qd2 {[#]} Qxd4 $1 {[%mdl 512]} 13. Bd3 {If White can now play Bf2 this consolidates a bit.} (13. Qxd4 Nxc2+) 13... Ng4 14. Qf4 Ngf6 15. Ne2 Qb6 16. Rf1 Qxb2 {[%mdl 64] Double Attack} 0-1

[Event "13th SRB-chW 2019"]
[Site "Beograd"]
[Date "2019.05.14"]
[Round "9.2"]
[White "Drljevic, Ljilja"]
[Black "Injac, Teodora"]
[Result "1/2-1/2"]
[WhiteElo "2155"]
[BlackElo "2270"]
[Annotator "NA RC"]
[PlyCount "85"]
[EventDate "2019.05.06"]
[EventCountry "SRB"]
[SourceTitle "playchess.com"]
[Source "ChessBase"]
[SourceQuality "1"]

{[%evp 14,83,-20,-27,32767,32767,32767,32767,32767,0,32767,0,0,0,0,-4,-10,32767,32767,-11,0,-13,-31,-29,0,0,0,-77,-83,-78,-86,32767,32767,-85,-49,-91,-106,-110,32767,-102,-72,-66,-33,32767,32767,32767,32767,32767,32767,32767,-64,-41,-41,-58,-43,-60,-59,-70,-46,-87,-112,-100,32767,32767,-120,32767,32767,32767,32767,-104,32767,-75]} 1. d4 Nf6 2. Nf3 g6 3. g3 Bg7 4. Bg2 c5 5. dxc5 Qa5+ 6. Nc3 {A49: 1 d4 Nf6 2 Nf3 g6 3 g3: Anti-King's Indian systems} Ne4 7. O-O Nxc3 8. bxc3 Qxc5 $146 ({Predecessor:} 8... Qxc3 9. Rb1 Qxc5 10. Rb3 Qc7 11. Bf4 d6 {0-1 (43) Skatchkov,P (2486)-Bologan,V (2687) Sochi 2012}) 9. Rb1 Nc6 10. Nd4 O-O 11. Nb5 Qb6 12. Bf4 Ne5 13. c4 d6 14. Be3 Qa5 15. Bd4 Nc6 16. Bxg7 Kxg7 17. c3 a6 18. Nd4 Qxc3 19. Nxc6 bxc6 20. Rb6 (20. Bxc6 $11 {remains equal.} Bh3 21. Bxa8 Bxf1 22. Bd5) 20... Be6 21. Rxc6 Rfc8 22. Rb6 Ra7 23. Bd5 Qe5 24. Qd3 Bxd5 25. cxd5 Rc3 26. Qd2 Rc5 27. Rd1 a5 28. Qb2 Qxb2 29. Rxb2 f5 30. Rd3 Rac7 31. Rdd2 Kf6 32. f4 Rc4 33. Kf2 R7c5 34. Ke3 h6 35. Kf2 Rc3 36. Kg2 g5 37. Kf2 gxf4 38. gxf4 Rh3 39. Kg2 Rhc3 40. Kf2 $11 {remains equal.} Rh3 41. Kg2 Rhc3 42. Rb3 $17 Rxb3 43. axb3 {Ke5} 1/2-1/2